Statistics for Marvel Original Sin

Click here to take the quiz!

General Stats

  • This quiz has been taken 10 times
  • The average score is 10 of 19

Answer Stats

SecretCharacter% Correct
He was mind raped/wiped by Professor X under the direct of Iron Man and the rest of the IlluminatiCaptain America
86%
They removed the shielding from the gamma bomb that effected Bruce Banner which saved his life but caused him to become the HulkIron Man
86%
Found out that the Supernovas killed the other NovasNova
86%
They have a long lost sister that lives in the unknown 10th RealmThor
86%
On the same day _________ got his powers, a girl name Cindy Moon was effected and given similar powers from the eventSpider-Man
71%
They killed their own parents and they have a daughterDeadpool
57%
They had died long ago and was actually just an LMD made to believe they where realDum Dum Dugan
57%
They sabotaged The Things opportunity to be reverted back to normalHuman Torch
57%
They once praised Spider-Man in an un-published articleJ Jonah Jameson
57%
They killed the WatcherNick Fury
57%
Their actions kicked off the war between the Inhumans and KreeBlackbolt
43%
His mother suffered from severe depression and paranoia which caused her to be an abusive parentDaredevil
43%
Found out their father led a Mighty Avengers team in the 70sLuke Cage
43%
Their Last Will and Testament revealed their wife to be MystiqueProfessor X
43%
This superhero team had the opportunity to prevent the Hiroshima attackThe Invaders
43%
They are on the verge of insanityBlack Knight
29%
This villain was right all along in the statements they where preachingGorr
29%
On their home world they where born with the potential to be the smartest creatureHoward the Duck
14%
They discovered all the locations of the bones they have buriedLockjaw
14%

Score Distribution

Percentile by Number Answered

Percent of People with Each Score

Your Score History

You have not taken this quiz